| 000 | 00920nam a22002897a 4500 | ||
|---|---|---|---|
| 999 |
_c20129 _d20129 |
||
| 005 | 20180322165617.0 | ||
| 008 | 180322e2017 ck ||||| |||| 00| 0 spa d | ||
| 020 | _a9789587222715 | ||
| 040 |
_aCO-BoIAVH _cCO-BoIAVH |
||
| 041 | _aspa | ||
| 044 | _ack | ||
| 082 |
_a621.43 _bQ81e |
||
| 100 | _aQuirama L, Luis Felipe | ||
| 245 | 1 | _aEfecto de la mezcla de combustible E-20( etanol 20%) en el parque automotor Colombiano | |
| 260 |
_aBogotá: _bUniversidad Tecnológica de Pereira, _c2017. |
||
| 300 | _a191 páginas | ||
| 650 | 1 | 4 | _aCombustibles |
| 650 | 1 | 4 | _aAlcohol |
| 650 | 1 | 4 | _aEtanol |
| 650 | 1 | 4 | _aAlcohol etílico |
| 650 | 1 | 4 |
_aGasolina _xComposición |
| 700 | _aGaviria A, Luis Guillermo | ||
| 700 | _aOspina C, Sebastian | ||
| 700 | _aRíos Q, Luis Carlos | ||
| 700 | _aTibaquirá G, Juan Esteban | ||
| 942 |
_2ddc _cLIBRO |
||